[Event "Rohde op 07th"]
[Site "Sautron"]
[Date "2007.10.31"]
[Round "6"]
[White "Okhotnik, Vladimir"]
[Black "Petkov, Vladimir"]
[Result "1-0"]
[WhiteElo "2433"]
[BlackElo "2508"]
[Annotator "RR"]
[PlyCount "87"]
[EventDate "2007.10.27"]
[EventType "swiss"]
[EventRounds "9"]
[EventCountry "FRA"]
[SourceTitle "EXT 2008"]
[Source "ChessBase"]
[SourceDate "2007.11.25"]
[SourceVersion "1"]
[SourceVersionDate "2007.11.25"]
[SourceQuality "1"]

1. e4 c5 2. c3 d5 3. exd5 Qxd5 4. Nf3 g6 5. Na3 {[%cal Gf1c4]} (5. d4 {
Curieusement la ligne principale avec 5.d4 a le code B06 et non pas le code
habituel B22} Bg7 6. Be3 (6. Na3) 6... cxd4 (6... Nh6) 7. cxd4 Qa5+ {Un échec
intermédiaire indispensable si les noirs veulent jouer Nh6} (7... Nh6 $4 {
le nombre de joueurs tombés dans ce piège théorique est assez étonnant, il y a
même des forts joueurs а 2400!} 8. Qc1 {[%cal Ge3h6,Gc1c8]}) 8. Nc3 Nh6 9. Bc4
(9. Bb5+) (9. Qd2 $143 Nf5 10. Nb5 (10. h4 $5 $146 {[%csl Gh1][%cal Gh4h5]
Lors de l'analyse, Amine ALAWIEH avait proposé ce coup inédit que j'avais
aussi envisagé dans la partie.})) 9... O-O 10. O-O Nf5 {[%cal Gf5e3,Gf5d4]})
5... Bg7 6. Bc4 Qe4+ 7. Be2 Nf6 8. Nb5 ({RR} 8. O-O O-O 9. d4 cxd4 10. Nxd4 Qd5
11. Bf3 Qd7 {RR} 12. Re1 Rd8 13. Bf4 e6 14. Qe2 Qe7 15. Rad1 Ne8 16. Nc4 Na6
17. Na5 Rd7 18. Ndc6 bxc6 19. Nxc6 Qc5 20. Rxd7 Bxd7 21. Qxa6 Rc8 22. Nxa7 e5
23. Nxc8 exf4 24. Nb6 Be6 25. Nd5 g5 26. Rxe6 fxe6 {Sveshnikov,E (2499)-Miezis,
N (2564)/Riga 2005/CBM 106 ext/1-0}) 8... Na6 9. d3 $146 (9. O-O O-O 10. Re1
Qd5 11. d4 cxd4 12. c4 Qd8 13. Nbxd4 $11 {Short,N (2610)-Andersson,U (2630)
Tilburg 1990 (1) 1/2}) 9... Qc6 {[%cal Gf3e5] le retrait en c6 de la Q va
permettre aux blancs de gagner un tempo avec Ne5} (9... Qd5) 10. a4 O-O 11. O-O
Be6 12. Bf4 {[%cal Gf3e5]} Rfd8 13. Ne5 $14 Qc8 {[%csl Ra8,Rc8]} (13... Qe8)
14. Qc1 Nd5 15. Bg3 Nac7 16. Na3 Bf5 17. Nac4 Ne6 18. Re1 f6 19. Ng4 g5 20.
Nge3 Nef4 21. Bxf4 Nxf4 22. Nxf5 Qxf5 23. Qe3 e5 {Un coup naturel pour faire
pression sur "d3" mais les noirs vont ensuite jouer avec un mauvais B} 24. Rad1
Qd7 25. a5 Nxe2+ $2 {il fallait garder le N car le Bg7 est hors jeu} 26. Qxe2
Re8 27. g4 $1 $16 {[%csl Gf5,Rf6,Rg7][%cal Gc4e3,Ge3f5]} Rad8 28. Qe4 h5 29. h3
Kf7 30. Kg2 {[%cal Gg2f3,Gf3e4]} h4 31. Ne3 $1 {[%cal Ge3f5,Ge3d5]} Qb5 32.
Qc4+ $1 {[%cal Gc4b5,Gc4f7] Après l'échange des Q, la finale est trés
difficile pour le GMI} Qxc4 33. dxc4 {[%csl Gd5][%cal Gg2f3,Gf3e4] le plan des
blancs de visser les cases "d5" et "f5" est facile а jouer.} Ke6 34. Kf3 Bf8
35. Ke4 $1 {[%csl Gf5]} Bd6 (35... Rxd1 36. Rxd1 Be7 37. Nf5 Rd8 38. Rd5 $16)
36. Rd5 {[%cal Ge1d1]} Rc8 37. Red1 Red8 38. b4 $1 (38. Nf5 Bc7 39. b4) 38...
Be7 39. b5 Bd6 40. Nf5 {La dernière pièce blanche arrive sur sa case optimale}
Bc7 41. b6 $1 axb6 42. axb6 Bxb6 43. Rd6+ $1 Kf7 44. Rb1 $1 {[%mdl 6152] Une
belle partie d'OKHOTNIK qui venait de gagner deux tournois en octobre en
Italie. Le lendemain de la fin de l'open Rohde, il d'ailleurs ensuite remporté
le semi-rapide de Noisy} 1-0

[Event "Vaujany op 1st"]
[Site "Vaujany"]
[Date "2010.07.13"]
[Round "4"]
[White "Guido, Flavio"]
[Black "Brunner, Nicolas"]
[Result "1/2-1/2"]
[WhiteElo "2397"]
[BlackElo "2425"]
[Annotator "RR"]
[PlyCount "157"]
[EventDate "2010.07.12"]
[EventType "swiss"]
[EventRounds "9"]
[EventCountry "FRA"]
[SourceTitle "EXT 2017"]
[Source "ChessBase"]
[SourceDate "2016.10.25"]
[SourceVersion "1"]
[SourceVersionDate "2016.10.25"]
[SourceQuality "1"]

1. e4 c5 2. c3 Nf6 3. e5 Nd5 4. d4 cxd4 5. Nf3 Nc6 6. cxd4 d6 7. Bc4 Nb6 8. Bb5
dxe5 9. Nxe5 Bd7 10. Nxd7 Qxd7 11. Nc3 e6 12. O-O (12. Qg4 {Plus risqué mais
cette ligne secondaire a été jouée plusieurs fois par le spécialiste de la
variante le GMI SVESHNIKOV} h5 13. Qf3 {[%csl Rd4]} a6 14. Bxc6 {Sveshnikov,E 
(2515)-Shirov,A (2500) Val Maubuee op 1990 1/2}) 12... Rd8 (12... Rc8 13. Re1
Be7 14. d5 Nxd5 15. Nxd5 Qxd5 16. Qxd5 exd5 17. Bf4 a6 18. Bxc6+ Rxc6 19. Rad1
Re6 20. Be3 O-O {1/2-1/2 (20) Salgado Lopez,I (2622)-Alekseev,E (2679) Wroclaw
2014}) (12... Be7 {La grande ligne} 13. Qg4 $1 O-O 14. Bxc6 bxc6 15. Bh6 $36)
13. a4 {[%cal Ga4a5]} a6 (13... Be7 14. a5 Nd5 15. a6 Ndb4 {Nisipeanu,L (2690)
-Fedorov,A (2617) EU-Cup 22nd Fuegen 2006 (3.1) 1/2} (15... Nc7)) 14. Bxc6 bxc6
$5 {[%cal Gb6d5] La reprise de la Q est plus naturelle mais la poussée a4a5
aurait moins d'intérêt après bc6} (14... Qxc6 15. Bg5 f6 16. Be3 Be7 17.
Qh5+ g6 18. Qh6 Kf7 19. Rfc1 {Sebag,M (2471)-Karjakin,S (2672) Cap d'Agde-A
rapid 2006 (2) 0-1}) 15. Qe2 $146 (15. Be3 Nd5 16. Nxd5 Qxd5 17. Qc2 Be7 18.
Rac1 Rc8 19. Qe2 a5 20. Rc4 O-O 21. Rfc1 Rfd8 22. Qc2 e5 23. dxe5 Qxe5 24. g3
h6 25. Bb6 Rd5 26. Rxc6 Rxc6 27. Qxc6 Qxb2 28. Re1 Re5 29. Rxe5 Qxe5 30. Qa8+
Kh7 31. Qxa5 Qa1+ 32. Kg2 Qb1 33. Qb5 Qe4+ 34. f3 Qc2+ 35. Bf2 Bf6 36. Qd7 Bc3
37. Qc6 Qb2 38. Qb5 Qd2 39. Qf5+ Kg8 40. Qe4 Ba5 41. Qa8+ Kh7 42. Qa7 f5 43.
Qd4 Qc2 44. Qc5 Qxa4 {Bulmaga,I (2277)-Vetoshko,V (2166) Lvov 2009 1/2-1/2 
(110)}) 15... Ra8 16. Rd1 Be7 17. Qg4 $1 g6 (17... O-O 18. Bh6 Bf6) 18. Bh6 {
[%csl Re8]} f5 19. Qf3 Kf7 $13 20. Bf4 Rhd8 21. Be5 Nc4 $132 22. b3 Nxe5 23.
dxe5 Qc7 24. Qe3 Rab8 $1 25. Rxd8 Qxd8 26. Rd1 Qb6 27. Qxb6 Rxb6 28. Rb1 Rb4 $1
{Les Noirs ont une bonne finale notamment du fait que le N manque d'accès aux
cases centrales} 29. Kf1 g5 30. Na2 (30. Ke2 Rd4 31. Rd1 Rg4 32. g3 Rb4 (32...
h5 33. Rd7)) 30... Rd4 31. Rc1 Rd2 $1 $15 {[%csl Ra2,Gd2]} 32. Nc3 Bb4 33. Nd1
Ba3 $1 34. Ra1 Ke7 (34... Rd3 $5 {[%cal Gd3b3,Gd3d1]} 35. Ke2 Rxb3) 35. Ne3 Bc5
36. Rc1 $1 {Force l'échange du B et les Blancs peuvent peut-être tenir la
finale de R} Bxe3 37. fxe3 Kd7 38. Rc5 Kc7 39. b4 Kb6 40. a5+ $1 {[%csl Ra6]}
Kc7 41. h3 h5 42. Rc4 Rd5 43. Rc5 Rd8 44. h4 $1 gxh4 45. Rc4 Rd5 46. Rxh4 Rxe5
47. Ke2 c5 48. bxc5 Rxc5 49. Rxh5 Rxa5 50. g4 $1 {Continuant de simplifier la
position et les Blancs ont maintenant des bonnes chances de nulle car le P
passé des Noirs sera sur la colonne "a"} Ra2+ 51. Kf3 fxg4+ 52. Kxg4 Rc2 53.
Kf4 Rc4+ 54. e4 Kb6 55. Rh6 Rc6 56. Ke5 a5 57. Rh1 a4 58. Ra1 Kb5 59. Rb1+ Ka5
60. Ra1 Kb4 61. Rb1+ $1 Ka3 {[%csl Ra3] Le K Noir est coupé et il sera
difficile de progresser} 62. Kf6 Rc4 (62... Ka2 $2 63. Rb7 a3 $11 {[%csl Ra2]})
63. e5 Rb4 64. Ra1+ Kb2 65. Rd1 a3 66. Kxe6 a2 67. Rd2+ Kb3 68. Rxa2 Kxa2 69.
Kf7 Rf4+ 70. Kg7 Re4 71. Kf6 Kb3 72. e6 Kc4 73. e7 Kd5 74. Kf7 Rf4+ 75. Kg7
Rg4+ 76. Kf7 Rf4+ 77. Kg7 Re4 78. Kf7 Rxe7+ 79. Kxe7 1/2-1/2

[Event "Rohde op 12th"]
[Site "Sautron"]
[Date "2012.10.29"]
[Round "4"]
[White "Zubarev, Alexander2"]
[Black "Colin, Vincent"]
[Result "1-0"]
[WhiteElo "2583"]
[BlackElo "2407"]
[Annotator "RR"]
[PlyCount "155"]
[EventDate "2012.10.27"]
[EventType "swiss"]
[EventRounds "9"]
[EventCountry "FRA"]
[SourceTitle "EXT 2014"]
[Source "ChessBase"]
[SourceDate "2013.11.20"]
[SourceVersion "1"]
[SourceVersionDate "2013.11.20"]
[SourceQuality "1"]
[TimeControl "40/5400+30:1800+30"]
[WhiteClock "1:30:00"]
[BlackClock "1:30:00"]

1. e4 {[%emt 0:00:00]} c5 {[%emt 0:00:00]} 2. c3 {[%emt 0:00:00]} d5 {[%emt 0:
00:24]} (2... Nf6) (2... b6 3. d4 Bb7 4. Bd3 Nf6 5. Nd2 cxd4 6. cxd4 g6 7. Ngf3
Bg7 8. O-O O-O 9. Re1 d6 $13 {Ferrufino,B (2259)-Bauer,C (2638) Turin ol (Men)
37th 2006 (1) 0-1}) 3. exd5 {[%emt 0:00:00]} Qxd5 {[%emt 0:00:11]} 4. d4 {
[%emt 0:00:05]} e6 {[%emt 0:00:15] Probablement la ligne la plus solide} (4...
g6 5. dxc5 (5. Nf3 Bg7 6. Na3 cxd4 7. Bc4) 5... Qxc5 6. Be3 Qc7 7. Bxa7 Rxa7 8.
Qd4 Nc6 9. Qxh8 Nf6) (4... Nf6) (4... Nc6) 5. Nf3 {[%emt 0:00:22]} Nf6 {
[%emt 0:00:13]} 6. Be2 {[%emt 0:03:42]} (6. Na3 {[%cal Gf1c4,Ga3b5]}) 6... Be7
{[%emt 0:01:06]} 7. O-O {[%emt 0:00:12]} O-O {[%emt 0:00:07]} (7... cxd4 8.
cxd4 Nc6 9. Nc3 Qd6 10. Nb5 Qd8 11. Bf4 Nd5 {[%cal Gd5f4,Gd5c7]} 12. Bg3 O-O {
Adams,M (2726)-Van Wely,L (2675) World op 39th 2011 (5) 1/2}) 8. c4 $1 {
[%emt 0:04:21]} (8. Ne5 cxd4 9. cxd4 Rd8 $132 {Pavasovic,D (2602)-Dreev,A 
(2662) CRO-chT1A 18th 2009 (1) 1/2}) 8... Qd7 {[%emt 0:01:45]} (8... Qd8 9. b3
(9. dxc5 Bxc5 10. Nc3 Nc6 11. a3 $14 {[%cal Gb2b4]}) 9... Nc6 10. Bb2 cxd4 11.
Nxd4 Nxd4 12. Qxd4 Qxd4 13. Bxd4 Bd7 14. Bf3 Bc6 15. Bxc6 bxc6 16. Nc3 c5 17.
Be3 Rfd8 18. Rad1 Nd7 19. Na4 Kf8 20. Rd2 Ke8 21. Rfd1 Rac8 22. f3 Rc7 23. Bf4
{Postny,E (2559)-Mortensen,E (2466)/playchess.com INT 2005/EXT 2007/1-0 (41)})
(8... Qf5 9. Nc3) 9. Nc3 {[%emt 0:01:20]} (9. dxc5 $5 Qxd1 10. Rxd1 Bxc5 11.
Nc3 Nc6 12. a3 b6 13. b4 Be7 14. Bf4 Bb7 15. Nb5 Rad8 16. Ne5 {Magem Badals,J 
(2560)-Ionescu,C (2545) Berga op 1995 (8) 1-0} (16. Bc7)) 9... Rd8 {[%emt 0:01:
30]} 10. dxc5 {[%emt 0:13:00] Fin de la préparation du GMI} (10. Nb5 $5 Nc6 (
10... a6 $2 11. Ne5) 11. Ne5 $1 Nxe5 12. dxe5 Qxd1 13. Rxd1 Rxd1+ 14. Bxd1 Nd7
15. Bf4 a6 16. Nd6 $36 {[%csl Rb7,Rc8,Rd7][%cal Gd1f3,Ga1d1]}) 10... Qxd1 {
[%emt 0:05:35]} 11. Bxd1 {[%emt 0:06:59]} (11. Rxd1 Rxd1+ 12. Bxd1 Bxc5 {
[%csl Rf2][%cal Gf6g4]} 13. Bf4 Ng4 14. Ne4 (14. Bg3)) 11... Bxc5 {[%emt 0:00:
40]} 12. a3 {[%emt 0:00:12]} (12. Bg5 $5 {Plus simple} b6 13. Ne4 Be7 14. Nxf6+
gxf6 15. Be3 Bb7 16. Be2 f5 17. Rfd1 $14 {Les Blancs ont des meilleures
perspectives en finale}) 12... b6 {[%emt 0:01:33]} 13. b4 {[%emt 0:03:13]} Be7
{[%emt 0:01:53]} 14. Be3 {[%emt 0:03:51]} (14. Bb2 Bb7 $11) 14... Bb7 {[%emt 0:
01:57]} 15. Nd2 {[%emt 0:04:24][%cal Gd1f3,Gd2c4] Les Blancs ont fait une
série de coups assez lents et Vincent va égaliser sans problèmes.} Nbd7 {
[%emt 0:02:30]} 16. Be2 {[%emt 0:01:27]} Ne5 $132 {[%emt 0:03:00][%csl Rd3]}
17. h3 {[%emt 0:04:00]} Nd3 {[%emt 0:01:53]} 18. Rfd1 {[%emt 0:03:51]} Rd7 {
[%emt 0:02:48]} (18... Nb2 $5 19. Rdb1 Nd3 {Gagne du temps avec l'incrément})
19. Nb3 {[%cal Ge2d3,Gc4c5]} Rad8 $11 20. Nb5 Ne4 21. Nxa7 $5 {Nécessitait un
calcul précis} Nc3 $13 22. Rd2 Bf6 {[%cal Gf6a1,Gc3e2]} (22... Nc1 $5 23. Rxc1
Rxd2 24. Bf1 Ne2+ 25. Bxe2 Rxe2 26. Bxb6 {[%csl Gc4]} Rd3 27. Nc5 Bxc5 28. Bxc5
Rxa3) 23. Bxd3 Rxd3 24. Re1 Ne4 25. Rxd3 Rxd3 26. Nc1 Rxa3 27. Bxb6 {[%csl Gb4,
Gc4]} (27. Nb5) 27... Nd6 28. Nb5 Nxb5 29. cxb5 Bc3 (29... Kf8 {[%cal Gf6c3]
Peut-être un ordre de coups plus précis}) 30. Rd1 $1 {[%csl Rg8]} Bd5 (30... g5
$6 {[%cal Gg8g7]} 31. Rd8+) 31. Ne2 Bxb4 $6 (31... Be5 {[%csl Gd5,Ge5,Gf4]})
32. Nf4 Ba5 33. Nxd5 exd5 34. Be3 Rb3 35. Rxd5 g6 (35... Kf8 {Plus solide}) 36.
g4 $1 Kf8 (36... Kg7 37. Bd4+) 37. Re5 (37. Kg2) 37... f6 $2 38. Bc5+ Kf7 39.
Re7+ $40 Kg8 40. Rb7 (40. b6 $1 Bxb6 (40... Rxh3 41. b7 Rb3 42. Ba7) 41. Rb7
$18) 40... Rxh3 41. Ra7 Rc3 42. Be3 Bc7 43. b6 Be5 44. Re7 Rb3 45. b7 {[%cal
Gf2f4]} g5 46. Kg2 Rb4 47. Kf3 Bd6 48. Re6 Be5 49. Rb6 $18 Rxb6 50. Bxb6 Kf7
51. Ba7 h5 52. gxh5 f5 53. b8=Q Bxb8 54. Bxb8 Kg7 55. Ke3 Kh6 56. Bc7 Kxh5 57.
Bd8 (57. Kf3) 57... Kg4 58. Be7 Kh5 59. Ke2 Kg4 60. Bd8 Kh5 61. Ke3 Kg4 62. Be7
Kh5 63. Kf3 Kg6 64. Bb4 Kh5 65. Kg3 Kg6 66. Bd2 Kh5 67. Kf3 Kg6 68. Bc1 Kh5 69.
Be3 Kg6 70. Bd2 Kh5 71. Be1 $1 Kg6 72. Ke3 Kh5 73. Kd4 Kh4 74. Kd5 Kh3 75. Ke6
Kg4 76. Ke5 f4 77. Ke4 Kh3 78. Kf5 1-0

[Event "Rohde op 07th"]
[Site "Sautron"]
[Date "2007.11.03"]
[Round "9"]
[White "Maze, Sebastien"]
[Black "Potkin, Vladimir"]
[Result "1/2-1/2"]
[WhiteElo "2576"]
[BlackElo "2612"]
[Annotator "RR"]
[PlyCount "57"]
[EventDate "2007.10.27"]
[EventType "swiss"]
[EventRounds "9"]
[EventCountry "FRA"]
[SourceTitle "EXT 2008"]
[Source "ChessBase"]
[SourceDate "2007.11.25"]
[SourceVersion "1"]
[SourceVersionDate "2007.11.25"]
[SourceQuality "1"]

1. e4 c5 2. Nf3 (2. c3 {POTKIN joue aussi parfois la variante ALAPIN avec les
blancs} Nf6 3. e5 Nd5 4. Nf3 e6 5. Bc4 {Potkin,V (2557)-Kobalia,M (2654) EU-ch
Internet Gr-C 3rd blitz 2006 (1.4) 1/2}) 2... e6 3. c3 {Beaucoup de joueurs
choisissent de retarder cette poussée c3 au 3ème coup afin de limiter les
options des noirs.} d5 4. exd5 (4. e5 Nc6 (4... d4 $5 5. Bd3 {[%cal Gd3c2]} Nc6
6. O-O Nge7 {[%cal Ge7g6,Gg6e5]} 7. Re1 Ng6 {[%csl Gf4]} 8. Na3 Be7) 5. d4 {
Retombe sur une française}) 4... Qxd5 5. d4 Nf6 6. Be3 (6. Bd3) (6. Na3 Nc6) (
6. Be2 {La ligne principale}) 6... cxd4 7. cxd4 Bb4+ $5 {L'idée est d'échanger
en c3, puis de jouer b6 et Ba6 pour laisser les blancs avec un mauvais Be3} (
7... Nc6) 8. Nc3 O-O 9. Bd3 b6 $1 {[%cal Gb4c3,Gc8a6] Curieusement ce plan de
KOTOV jouée dans une partie du Championnat de Moscou 1942 ne semble pas avoir
été reprise avant les années 90} 10. O-O Bxc3 11. bxc3 Ba6 {[%csl Rc3,Rc4]
[%cal Ga6d3]} 12. Bxa6 Nxa6 13. Qd3 (13. Qa4 {[%cal Ga4a6,Gf1d1,Ga1c1] les
blancs gagnent un tempo sur le N pour lier les R vers les cases centrales c1
et d1 afin de préparer la percée d4d5. L'échange des B de cases blanches est
saine positionnellement mais tactiquement elle est faite au détriment du
développement des noirs car le Na6 est hors-jeu} Qb7 $132 14. c4 $13 {La
question de la force ou de la faiblesse des P pendants reste posée} Rac8 {
Yudovich,M-Kotov,A Moscow-ch 0-1}) 13... Nc5 $1 {[%cal Gd5d3] C'est
l'inconvénient du choix 13.Qd3 qui permet de gagner un tempo important} 14. Qe2
Ncd7 15. c4 Qh5 (15... Qd6 16. a4 $5 {[%cal Ga4a5]} Rfc8 17. a5 $14 {Vajda,L 
(2459)-Horvath,C (2519) Perenyi mem Gyula 2000 (11) 0-1}) 16. Rfb1 $146 ({RR} 
16. Bf4 $142 {[%csl Ge5]} Rfe8 17. Rfe1 Rac8 18. a4 Qf5 19. Be5 Red8 20. a5
Nxe5 21. dxe5 Nd7 22. axb6 axb6 23. Red1 Nc5 24. Nd4 Qe4 25. Qxe4 Nxe4 26. Nb5
Rxd1+ 27. Rxd1 Kf8 28. f3 Nc5 29. Rd6 Na4 30. Rd7 Rxc4 {Vajda,S (2403)-Horvath,
T (2435)/Hungary 2003/EXT 2005/1/2-1/2 (47)}) 16... e5 $1 $11 {les P pendants
vont devoir s'affaiblir et l'idée de VAJDA Bf4 controlant "e5" semble plus
solide} 17. dxe5 {[%csl Rc4][%cal Gd7c5]} Nxe5 18. Rb5 $1 {[%cal Gb5h5]} Nxf3+
(18... Rfe8) 19. Qxf3 Qxf3 20. gxf3 Rfc8 21. c5 {la force du B compense la
mauvaise structure des blancs et la nulle doit être rapide} bxc5 22. Rxc5 Rxc5
23. Bxc5 Nd5 24. Rd1 Nb6 25. Re1 h6 26. Re7 Rc8 27. Be3 Nd5 28. Rxa7 Rc3 29. a4
{La nulle entre les deux joueurs est relativement peu satisfaisante pour eux:
MAZE après avoir mené la 1ère moitié du tournoi, ne termine que 7ème et POTKIN
finit 2и du toutnoi pour la 3ème année consécutive. La nulle va profiter au
GMI ABBASOV qui était 6ème avant cette 9ème ronde et remporte le tournoi!}
1/2-1/2

[Event "Rohde op 06th"]
[Site "Sautron"]
[Date "2006.10.30"]
[Round "3"]
[White "Bedouin, Xavier"]
[Black "Chatalbashev, Boris"]
[Result "0-1"]
[WhiteElo "2342"]
[BlackElo "2534"]
[Annotator "RR"]
[PlyCount "82"]
[EventDate "2006.10.28"]
[EventType "swiss"]
[EventRounds "9"]
[EventCountry "FRA"]
[SourceTitle "EXT 2007"]
[Source "ChessBase"]
[SourceDate "2006.11.23"]
[SourceVersion "1"]
[SourceVersionDate "2006.11.23"]
[SourceQuality "1"]

1. e4 c5 2. c3 Nf6 3. e5 Nd5 4. d4 cxd4 5. cxd4 d6 (5... e6 {L'alternative} 6.
Nf3 b6 (6... d6) 7. Nc3 Nxc3 8. bxc3 Qc7 {[%cal Gc7c3]} 9. Bd2 Bb7 10. Bd3 d6
11. O-O Nd7 12. Ng5 $1 {[%csl Rf7][%cal Og5h7,Cd6e5,Gd1h5]} (12. Re1 $143)) 6.
Nf3 Nc6 7. Bc4 dxe5 (7... Nb6 {plus courant}) 8. Bxd5 {[%cal Od4e5,Cd8d5,Gb1c3]
La partie est particulièrement instructive au regard du thème des gains de
temps dans l'ouverture} Qxd5 9. Nc3 {1er gain de temps} Qd6 10. d5 {2ème gain
de temps} Nd4 $1 11. Nxd4 exd4 {[%cal Gd4c3] C'est aussi un gain de temps mais
moins important} 12. Qxd4 e5 {3ème gain de temps} 13. Qd3 {[%cal Gc3b5,Ge1g1]}
Bd7 {[%csl Gd7,Gf8] si les noirs arrivent a terminer leurs développement, ils
auront un bon contre-jeu avec la paire de B et contre le P isolé qui peut être
abloqué assez facilement.} 14. O-O f5 $1 15. Re1 {[%cal Gf2f4]} Kf7 $1 16. a4 (
16. Qg3 {[%csl Re5]} Re8 17. f4 e4 18. Be3 h5 $11 {[%cal Ce3a7,Gh5h4]}) 16...
a6 {[%csl Gb5]} (16... e4) 17. b3 {[%cal Gc1a3]} e4 {4ème gain de temps} 18.
Qh3 Rc8 {[%cal Gc8c3] 5ème gain de temps} 19. Ba3 {6ème gain de temps} Qh6 $1 {
Les deux joueurs sont bien préparés et ils suivent toujours la théorie.
L'affaiblissement de la structure des noirs est moins importante que l'échange
des Q et l'ouverture du jeu qui favorise la paire de B} 20. Qxh6 gxh6 21. Bb2
$146 {[%cal Gb2h8]} ({RR} 21. Bxf8 Rxc3 {1/2-1/2 Ekstroem,R (2431)-Gallagher,J
(2538)/Samnaun 2004/CBM 101 ext} {RR} 22. Bxh6 Rxb3 23. g3 Rc8 24. Be3 Rd3 25.
Rab1 b5 26. axb5 Bxb5 27. Red1 Rd8 28. Rxd3 exd3 29. f3 Rxd5 30. Kf2 Ke6 31.
Ke1 Re5 32. Kd2 f4 33. gxf4 Rh5 34. Bg1 Kf5 35. Rb4 Rh6 36. Rb2 Rh4 {Engelbert,
C (2269)-Lanka,Z (2503)/Hamburg 2002/CBM 088 ext/0-1 (58)}) 21... Bg7 {7ème
gain de temps!} 22. Nd1 Bxb2 23. Nxb2 Rc3 {8ème gain de temps qui permet de
doubler les R} 24. Re3 Rxe3 25. fxe3 b5 26. Rc1 Ke7 27. Rc5 Kd6 28. b4 bxa4 (
28... Rc8) 29. Ra5 Bb5 30. Nxa4 Kxd5 31. Nc5 Rc8 (31... Ra8 32. Nxa6) 32. Nxa6
Kc4 33. Kf2 Rc6 (33... Bxa6 34. Rxa6 Kxb4 35. Ra7 Rc2+ 36. Kg3 Re2 37. Kf4 Rf2+
(37... Rxg2 38. Kxf5)) 34. Nb8 Rb6 35. Ra8 f4 $1 36. exf4 Kd3 {le K est une
pièce forte en finale} 37. Ra3+ Kd4 38. Ra8 e3+ 39. Kf3 (39. Ke1) 39... Re6 {
[%cal Ge3e1] Les bons vieux principes...} 40. Ra1 e2 41. Kf2 Re8 {[%mdl 32]}
0-1

[Event "Bundesliga 1112"]
[Site "Germany"]
[Date "2011.11.20"]
[Round "5.6"]
[White "Kotainy, Jens"]
[Black "Ribli, Zoltan"]
[Result "1/2-1/2"]
[WhiteElo "2406"]
[BlackElo "2588"]
[Annotator "RR"]
[PlyCount "57"]
[EventDate "2011.10.14"]
[EventType "team-tourn"]
[EventRounds "15"]
[EventCountry "GER"]
[SourceTitle "CBM 146"]
[Source "ChessBase"]
[SourceDate "2012.01.18"]
[SourceVersion "1"]
[SourceVersionDate "2012.01.18"]
[SourceQuality "1"]
[WhiteTeam "Katernberg"]
[BlackTeam "Hockenheim"]
[WhiteTeamCountry "GER"]
[BlackTeamCountry "GER"]

1. e4 c5 2. c3 d5 3. exd5 Qxd5 4. d4 Nf6 5. Nf3 e6 6. Be3 cxd4 7. cxd4 Bb4+ 8.
Nc3 O-O 9. Bd3 b6 10. O-O Bxc3 11. bxc3 Ba6 12. Bxa6 Nxa6 13. Qa4 Qb7 14. c4
Rac8 15. Rfc1 Nb8 16. Rab1 Nc6 17. Bg5 Ne4 18. d5 Nxg5 19. Nxg5 Nd4 20. Qd1 e5
21. Qd3 g6 22. f4 Qc7 23. fxe5 Qxe5 24. Re1 Qxg5 25. Qxd4 Rfd8 26. Rbd1 Qf5 27.
Re7 Qc2 28. Rde1 Rf8 29. Rxa7 $6 (29. R7e4 Rcd8 30. h4 $16) 1/2-1/2